000 00470nam a2200157 i 4500
001 39861
003 ES-MaACL
007 t|
008 030304s1975 sp ||||1| spa d
100 1 _aCanto Rubio, Juan.
_934679
245 1 0 _aGiotto y la secularización /
_cJuan Canto Rubio.
260 _aAlicante :
_b[Caja de Ahorros Provincial,
_c1975]
300 _a105 p., 7 lám. col. ;
_c22 cm.
852 _aES-MaACL
_jE-7974
_bR.92452
852 _aES-MaACL
_jE-8161
_bR.92411
999 _c39861
_d39861